|
|
|
|
| LEADER |
00954nam a2200337 4500 |
| 001 |
DLU110127794 |
| 005 |
##20111109 |
| 040 |
# |
# |
|a DLU
|b vie
|
| 041 |
# |
# |
|a vie
|
| 044 |
# |
# |
|a vn
|
| 082 |
# |
# |
|a 394.12
|b DO-B
|
| 100 |
# |
# |
|a Đỗ Thị Bảy.
|
| 245 |
# |
# |
|a Văn hoá ẩm thực của người Ninh Bình /
|c Đỗ Thị Bảy, Mai Đức Hạnh.
|
| 260 |
# |
# |
|a H. :
|b Khoa học Xã hội,
|c 2004.
|
| 300 |
# |
# |
|a 254 tr. :
|b minh hoạ ;
|c 21 cm.
|
| 504 |
# |
# |
|a Tài liệu tham khảo: tr.248.
|
| 650 |
# |
# |
|a Nấu ăn
|z Việt Nam.
|
| 650 |
# |
# |
|a Thói quen ăn uống
|z Việt Nam
|z Ninh Bình.
|
| 651 |
# |
# |
|a Ninh Bình (Việt Nam)
|x Đời sống xã hội và tập quán.
|
| 700 |
# |
# |
|a Mai Đức Hạnh.
|
| 923 |
# |
# |
|a 01/2011LS
|
| 991 |
# |
# |
|a SH
|
| 992 |
# |
# |
|a 35000
|
| 994 |
# |
# |
|a KLS
|
| 900 |
# |
# |
|a True
|
| 911 |
# |
# |
|a Đào Thị Thu Huyền
|
| 925 |
# |
# |
|a G
|
| 926 |
# |
# |
|a A
|
| 927 |
# |
# |
|a SH
|
| 980 |
# |
# |
|a Thư viện Trường Đại học Đà Lạt
|